Jak správně nastavit firemní kulturu

Základné prvky firemnej kultúry. Firemná kultúra naviazaná na stratégiu a poslanie firmy. Firemná kultúra vytváraná "zhora". Jeden z kľúčových nástrojov pracovnej motivácie. Zdravá a silná firemná kultúra v bodoch.

Salvato in:
Dettagli Bibliografici
Autore principale: Myslikovjanová, Simona
Natura: Capitolo di libro
Lingua:ceco
Soggetti:
Tags: Aggiungi Tag
Nessun Tag, puoi essere il primo ad aggiungerne!!

MARC

LEADER 00000naa a2200000 4500
001 0253473
005 20190509143723.3
041 0 |a cze 
044 |a CZ 
245 1 0 |a Jak správně nastavit firemní kulturu  |c Simona Myslikovjanová 
520 |a Základné prvky firemnej kultúry. Firemná kultúra naviazaná na stratégiu a poslanie firmy. Firemná kultúra vytváraná "zhora". Jeden z kľúčových nástrojov pracovnej motivácie. Zdravá a silná firemná kultúra v bodoch. 
610 2 0 |a kultúra podniková 
610 2 0 |a podnik 
610 2 0 |a riadenie 
610 2 0 |a vedenie ľudí 
610 2 0 |a konkurencieschopnosť 
610 2 0 |a zamestnanci 
610 2 0 |a komunikácia firemná 
610 2 0 |a vzťahy medziľudské 
100 1 |a Myslikovjanová, Simona